The only leadership book you'll ever need : (Record no. 3182)

000 -LEADER
fixed length control field nam a22 a 4500
003 - CONTROL NUMBER IDENTIFIER
control field AKMAL
005 - DATE AND TIME OF LATEST TRANSACTION
control field 20170519161410.0
008 - FIXED-LENGTH DATA ELEMENTS--GENERAL INFORMATION
fixed length control field 170541s2010 my a e | 001 0 eng d
020 ## - INTERNATIONAL STANDARD BOOK NUMBER
International Standard Book Number 9789833831395 (pbk.) :
Terms of availability RM29.90
020 ## - INTERNATIONAL STANDARD BOOK NUMBER
International Standard Book Number 9833831397 (pbk.)
039 #9 - LEVEL OF BIBLIOGRAPHIC CONTROL AND CODING DETAIL [OBSOLETE]
Level of rules in bibliographic description 201303071041
Level of effort used to assign nonsubject heading access points fadzli
Level of effort used to assign subject headings 201110151415
Level of effort used to assign classification manoriah
Level of effort used to assign subject headings 201102161646
Level of effort used to assign classification suzilawati
Level of effort used to assign subject headings 201102161636
Level of effort used to assign classification amin
040 ## - CATALOGING SOURCE
Original cataloging agency AKMAL
082 04 - DEWEY DECIMAL CLASSIFICATION NUMBER
Classification number 658.4092 STA
Edition number 22
090 00 - LOCALLY ASSIGNED LC-TYPE CALL NUMBER (OCLC); LOCAL CALL NUMBER (RLIN)
Classification number (OCLC) (R) ; Classification number, CALL (RLIN) (NR) 658.4092
Local cutter number (OCLC) ; Book number/undivided call number, CALL (RLIN) STA
100 1# - MAIN ENTRY--PERSONAL NAME
Personal name Stark, Peter Barron
9 (RLIN) 6554
245 14 - TITLE STATEMENT
Title The only leadership book you'll ever need :
Remainder of title how to build organizations where employees love to come to work /
Statement of responsibility, etc. by Peter Barron Stark and Jane Flaherty
260 ## - PUBLICATION, DISTRIBUTION, ETC.
Place of publication, distribution, etc. Petaling Jaya :
Name of publisher, distributor, etc. Advantage Quest Publications,
Date of publication, distribution, etc. 2010
300 ## - PHYSICAL DESCRIPTION
Extent 223p. :
Other physical details ill. ;
Dimensions 23cm.
500 ## - GENERAL NOTE
General note Includes index
650 10 - SUBJECT ADDED ENTRY--TOPICAL TERM
Topical term or geographic name entry element Leadership
9 (RLIN) 120
650 20 - SUBJECT ADDED ENTRY--TOPICAL TERM
Topical term or geographic name entry element Personnel management
9 (RLIN) 602
700 1# - ADDED ENTRY--PERSONAL NAME
Personal name Flaherty, Jane
9 (RLIN) 6555
942 ## - ADDED ENTRY ELEMENTS (KOHA)
Source of classification or shelving scheme
Koha item type Book
Holdings
Withdrawn status Lost status Source of classification or shelving scheme Damaged status Not for loan Collection code Home library Current library Shelving location Date acquired Inventory number Total Checkouts Full call number Barcode Date last seen Price effective from Koha item type
          NON-FICTION AKMAL Melaka AKMAL Melaka PINJAMAN 19.05.2017 602725   658.4092 STA 201704218 19.05.2017 19.05.2017 Book
Pusat Sumber Maklumat Dato' Haji Sarmin Md Hussin, Akademi Kastam Diraja Malaysia, Melaka
Tel: 06-2331106 | Faks: 06-2313787